000 00457nam a2200169 a 4500
001 21505
005 20180713215248.0
008 140415s1975 mx 000 0 spa d
041 _aspa
082 _a693.852
_bEST
100 1 _aESTRADA URIBE, GABRIEL
245 1 0 _aESTRUCTURAS ANTISISMICAS
250 _a2A ED.
260 _aMEXICO :
_bCOMPAÑIA EDITORIAL CONTINENTAL,
_c1975
300 _a310
650 1 4 _aCONSTRUCCIONES ANTISISMICAS
999 _c21505
_d21505